| 000 | 00799nam a22002777a 4500 | ||
|---|---|---|---|
| 001 | 0000004 | ||
| 003 | KOHA_MİRAKIL | ||
| 005 | 20260207001155.0 | ||
| 007 | ta | ||
| 008 | 190308b tu |||gre|||#0|||0|tur | | ||
| 020 |
_a9789756217993 _q(tk) 9786055965044 _qc.4 _c37,9225 |
||
| 040 |
_aTR-BiSEU _btur _cTR-BiSEU _erda |
||
| 041 | 0 | _atur | |
| 044 | _ctu | ||
| 050 |
_aD9 _b.A25 [t.y.] |
||
| 245 | 0 |
_aAçıklamalı yorumlu kronolojik kültür sanat tarih ansiklopedisi / _cEditör Oğuz Çetinoğlu. |
|
| 264 | 1 |
_aİstanbul : _bBilge Oğuz _c[t.y.] |
|
| 300 |
_a4 c. ; _c24 cm. |
||
| 336 |
_ametin _btxt _2rdacontent |
||
| 337 |
_aaracısız _bn _2rdamedia |
||
| 338 |
_acilt _bnc _2rdacarrier |
||
| 650 | 0 |
_aTarih. _91474 |
|
| 650 | 0 |
_aDünya tarihi. _91475 |
|
| 907 | _aAnsiklopedi | ||
| 942 |
_2lcc _cBK |
||
| 999 |
_c5 _d5 |
||